000
00219 a2200097 4500
001
35059
100
_a
Robinson
245
_a
Cambridge Encyclopedia of India
260
_a
NY
_b
Cambridge Press
_c
090
_c
23206
_d
23206
942
_a
NUST-CAE
_c
M
_c
14677
999
_c
270132
_d
270132